000 00311nam a2200145Ia 4500
100 _aKochan/Stephen J/ Woods.P.H
942 _cRB
654 _aunix
245 _aExploring the UNIX system 3/e
260 _bSAMS
_aIndiana
_c1994
082 _a5.13
_bPAN
300 _a371
546 _aENGLISH
999 _c19176
_d19176